[Event "MP do 18 lat - chlopcy"]
[Site "Sypniewo"]
[Date "2022.03.19"]
[Round "1.10"]
[White "Koziorowicz, Michal"]
[Black "Zabron, Maksym"]
[Result "1-0"]
[BlackElo "1934"]
[WhiteElo "2291"]
[LiveChessVersion "1.4.8"]

1. e4 {[%clk 1:30:56]} c5 {[%clk 1:30:56]} 2. Be2 {[%clk 1:31:00]} e5
{[%clk 1:26:39]} 3. Nf3 {[%clk 1:21:17]} Nc6 {[%clk 1:27:02]} 4. O-O
{[%clk 1:18:22]} Nf6 {[%clk 1:27:22]} 5. Re1 {[%clk 1:16:10]} Be7
{[%clk 1:24:00]} 6. c3 {[%clk 1:11:42]} d5 {[%clk 1:14:29]} 7. exd5
{[%clk 1:09:20]} Qxd5 {[%clk 1:14:23]} 8. d3 {[%clk 0:59:38]} O-O
{[%clk 1:07:54]} 9. Nbd2 {[%clk 0:50:23]} h6 {[%clk 0:49:37]} 10. Bf1
{[%clk 0:40:36]} Bd6 {[%clk 0:37:08]} 11. Ne4 {[%clk 0:36:45]} Qe6
{[%clk 0:26:30]} 12. Qb3 {[%clk 0:30:52]} Qe7 {[%clk 0:26:52]} 13. Nfd2
{[%clk 0:29:00]} Be6 {[%clk 0:26:09]} 14. Nxf6+ {[%clk 0:29:02]} gxf6
{[%clk 0:26:33]} 15. Qd1 {[%clk 0:21:59]} f5 {[%clk 0:26:28]} 16. Qf3
{[%clk 0:16:29]} Kh7 {[%clk 0:23:51]} 17. d4 {[%clk 0:13:09]} cxd4
{[%clk 0:22:00]} 18. Bd3 {[%clk 0:13:15]} Qd7 {[%clk 0:09:28]} 19. Qh5
{[%clk 0:09:44]} Kg7 {[%clk 0:01:36]} 20. cxd4 {[%clk 0:08:01]} exd4
{[%clk 0:01:36]} 21. Nf3 {[%clk 0:04:03]} Rh8 {[%clk 0:01:55]} 22. Nh4
{[%clk 0:04:17]} Ne7 {[%clk 0:01:32]} 23. b3 {[%clk 0:03:39]} Rag8
{[%clk 0:01:09]} 24. Bb2 {[%clk 0:03:58]} Kf8 {[%clk 0:01:34]} 25. Bf1
{[%clk 0:01:48]} Rg5 {[%clk 0:01:47]} 26. Qd1 {[%clk 0:01:58]} Nc6
{[%clk 0:02:08]} 27. Nf3 {[%clk 0:02:18]} Rg4 {[%clk 0:01:59]} 28. h3
{[%clk 0:02:44]} Rf4 {[%clk 0:01:39]} 29. g3 {[%clk 0:02:05]} Rg8
{[%clk 0:01:20]} 30. Bg2 {[%clk 0:01:49]} Re4 {[%clk 0:01:13]} 31. Rxe4
{[%clk 0:01:18]} fxe4 {[%clk 0:01:34]} 32. Nxd4 {[%clk 0:01:46]} Bd5
{[%clk 0:00:56]} 33. Qh5 {[%clk 0:01:52]} Be5 {[%clk 0:00:53]} 34. Rd1
{[%clk 0:01:37]} Nxd4 {[%clk 0:00:34]} 35. Bxd4 {[%clk 0:02:03]} f6
{[%clk 0:00:32]} 36. Bxe5 {[%clk 0:02:08]} fxe5 {[%clk 0:00:55]} 37. Bxe4
{[%clk 0:02:17]} 1-0

[Event "MP do 18 lat - chlopcy"]
[Site "Sypniewo"]
[Date "2022.03.19"]
[Round "1.11"]
[White "Sidorczuk, Pawel"]
[Black "Kacprzak, Karol"]
[Result "0-1"]
[BlackElo "2275"]
[WhiteElo "1917"]
[LiveChessVersion "1.4.8"]

1. e4 {[%clk 1:30:59]} c5 {[%clk 1:30:48]} 2. Nf3 {[%clk 1:31:24]} e6
{[%clk 1:31:08]} 3. d4 {[%clk 1:31:38]} cxd4 {[%clk 1:31:30]} 4. Nxd4
{[%clk 1:32:07]} Nc6 {[%clk 1:31:40]} 5. Nc3 {[%clk 1:32:21]} Qc7
{[%clk 1:31:38]} 6. Qd3 {[%clk 1:32:27]} Nf6 {[%clk 1:31:17]} 7. Ndb5
{[%clk 1:31:31]} Qb8 {[%clk 1:31:34]} 8. Qg3 {[%clk 1:31:55]} d6 {[%clk 1:31:18]}
9. Be3 {[%clk 1:27:29]} a6 {[%clk 1:31:35]} 10. Nd4 {[%clk 1:27:41]} h5
{[%clk 1:30:59]} 11. h3 {[%clk 1:22:04]} h4 {[%clk 1:30:06]} 12. Qf3
{[%clk 1:21:46]} Ne5 {[%clk 1:30:23]} 13. Qd1 {[%clk 1:12:07]} b5
{[%clk 1:30:30]} 14. f4 {[%clk 1:05:41]} b4 {[%clk 1:30:35]} 15. Na4
{[%clk 0:55:58]} Ned7 {[%clk 1:24:25]} 16. Bc4 {[%clk 0:38:25]} Bb7
{[%clk 0:50:44]} 17. f5 {[%clk 0:22:31]} e5 {[%clk 0:41:30]} 18. Nf3
{[%clk 0:18:21]} Nxe4 {[%clk 0:34:34]} 19. O-O {[%clk 0:14:09]} Nef6
{[%clk 0:30:00]} 20. Be6 {[%clk 0:06:21]} Bc6 {[%clk 0:24:04]} 21. Bxd7+
{[%clk 0:04:46]} Nxd7 {[%clk 0:24:25]} 22. c4 {[%clk 0:04:55]} Be7
{[%clk 0:23:42]} 23. b3 {[%clk 0:03:39]} Qb7 {[%clk 0:22:37]} 24. Qe2
{[%clk 0:03:18]} Rd8 {[%clk 0:17:23]} 25. Rad1 {[%clk 0:03:23]} Nf6
{[%clk 0:16:37]} 26. Nb6 {[%clk 0:02:45]} Ne4 {[%clk 0:16:18]} 27. Qb2
{[%clk 0:02:50]} Ng3 {[%clk 0:16:09]} 28. Rf2 {[%clk 0:03:01]} Nxf5
{[%clk 0:14:25]} 29. Qc1 {[%clk 0:02:07]} Bf6 {[%clk 0:10:49]} 30. Re1
{[%clk 0:01:18]} Rb8 {[%clk 0:09:20]} 31. Nxe5 {[%clk 0:01:23]} Bxe5
{[%clk 0:09:09]} 32. Rxf5 {[%clk 0:01:52]} Bxg2 {[%clk 0:08:49]} 33. Bd4
{[%clk 0:01:09]} f6 {[%clk 0:07:06]} 34. Bxe5 {[%clk 0:00:47]} dxe5
{[%clk 0:07:35]} 35. Rfxe5+ {[%clk 0:00:41]} fxe5 {[%clk 0:06:43]} 36. Rxe5+
{[%clk 0:01:10]} Kf8 {[%clk 0:07:04]} 37. c5 {[%clk 0:00:44]} Rh6
{[%clk 0:06:34]} 38. Qg5 {[%clk 0:00:41]} Bc6 {[%clk 0:05:39]} 39. Qf4+
{[%clk 0:00:34]} Kg8 {[%clk 0:05:52]} 0-1

[Event "MP do 18 lat - chlopcy"]
[Site "Sypniewo"]
[Date "2022.03.19"]
[Round "1.12"]
[White "Kacprzak, Kacper"]
[Black "Malik, Maciej"]
[Result "1/2-1/2"]
[BlackElo "1912"]
[WhiteElo "2248"]
[LiveChessVersion "1.4.8"]

1. e4 {[%clk 1:30:57]} c5 {[%clk 1:29:26]} 2. Nf3 {[%clk 1:31:19]} Nc6
{[%clk 1:29:28]} 3. d4 {[%clk 1:30:15]} cxd4 {[%clk 1:29:36]} 4. Nxd4
{[%clk 1:30:39]} e6 {[%clk 1:29:59]} 5. Nc3 {[%clk 1:30:30]} Qc7 {[%clk 1:30:17]}
6. g3 {[%clk 1:16:30]} a6 {[%clk 1:09:56]} 7. Bg2 {[%clk 1:16:27]} Nf6
{[%clk 1:09:36]} 8. O-O {[%clk 1:16:00]} Be7 {[%clk 1:03:44]} 9. Re1
{[%clk 1:13:41]} d6 {[%clk 0:59:32]} 10. Nxc6 {[%clk 1:06:52]} bxc6
{[%clk 0:59:55]} 11. e5 {[%clk 1:06:55]} dxe5 {[%clk 0:58:04]} 12. Rxe5
{[%clk 1:06:10]} Qxe5 {[%clk 0:47:14]} 13. Bxc6+ {[%clk 1:06:22]} Bd7
{[%clk 0:47:35]} 14. Bxa8 {[%clk 1:06:46]} h5 {[%clk 0:45:30]} 15. Bf4
{[%clk 1:02:26]} Qc5 {[%clk 0:44:38]} 16. Qd2 {[%clk 0:46:46]} h4
{[%clk 0:39:12]} 17. Rd1 {[%clk 0:29:09]} hxg3 {[%clk 0:14:09]} 18. Bxg3
{[%clk 0:28:50]} Qc8 {[%clk 0:09:51]} 19. Bf3 {[%clk 0:23:39]} Bc6
{[%clk 0:08:18]} 20. Qf4 {[%clk 0:19:43]} Bxf3 {[%clk 0:05:59]} 21. Qxf3
{[%clk 0:20:09]} O-O {[%clk 0:05:57]} 22. Qe2 {[%clk 0:14:23]} Qb7
{[%clk 0:05:53]} 23. Na4 {[%clk 0:11:06]} Rc8 {[%clk 0:06:03]} 24. c4
{[%clk 0:10:22]} Ne4 {[%clk 0:06:08]} 25. b3 {[%clk 0:09:53]} Ng5
{[%clk 0:06:29]} 26. Qg4 {[%clk 0:06:21]} g6 {[%clk 0:06:29]} 27. Bd6
{[%clk 0:03:03]} Nf3+ {[%clk 0:05:20]} 28. Kh1 {[%clk 0:03:20]} Nh4+
{[%clk 0:02:18]} 29. Kg1 {[%clk 0:01:54]} Nf3+ {[%clk 0:02:14]} 30. Kh1
{[%clk 0:02:14]} Nh4+ {[%clk 0:01:19]} 31. Kg1 {[%clk 0:00:32]} Nf3+
{[%clk 0:00:43]} 32. Kh1 {[%clk 0:00:40]} 1/2-1/2

[Event "MP do 18 lat - chlopcy"]
[Site "Sypniewo"]
[Date "2022.03.19"]
[Round "1.13"]
[White "Kasprzak, Lukasz"]
[Black "Dzida, Kamil"]
[Result "0-1"]
[BlackElo "2243"]
[WhiteElo "1884"]
[LiveChessVersion "1.4.8"]

1. d4 {[%clk 1:30:39]} Nf6 {[%clk 1:30:51]} 2. c4 {[%clk 1:30:43]} e6
{[%clk 1:31:15]} 3. Nc3 {[%clk 1:30:33]} Bb4 {[%clk 1:31:37]} 4. Qc2
{[%clk 1:30:48]} O-O {[%clk 1:31:55]} 5. a3 {[%clk 1:30:48]} Bxc3+
{[%clk 1:32:17]} 6. Qxc3 {[%clk 1:31:16]} Ne4 {[%clk 1:32:37]} 7. Qc2
{[%clk 1:27:21]} f5 {[%clk 1:32:45]} 8. e3 {[%clk 1:15:42]} b6 {[%clk 1:33:08]}
9. Bd3 {[%clk 1:12:01]} Bb7 {[%clk 1:33:31]} 10. Ne2 {[%clk 0:51:15]} Qh4
{[%clk 1:33:52]} 11. O-O {[%clk 0:50:32]} Rf6 {[%clk 1:34:11]} 12. f3
{[%clk 0:20:01]} Rh6 {[%clk 1:29:41]} 13. h3 {[%clk 0:19:20]} Ng5
{[%clk 1:30:06]} 14. Nf4 {[%clk 0:17:23]} Qg3 {[%clk 1:21:36]} 15. e4
{[%clk 0:15:09]} fxe4 {[%clk 1:16:20]} 16. fxe4 {[%clk 0:11:20]} Nxh3+
{[%clk 0:57:29]} 17. Nxh3 {[%clk 0:11:25]} Rxh3 {[%clk 0:57:54]} 18. Bf4
{[%clk 0:04:19]} Qxd3 {[%clk 0:54:46]} 19. Qf2 {[%clk 0:04:19]} Qxe4
{[%clk 0:54:40]} 20. Bxc7 {[%clk 0:02:01]} h6 {[%clk 0:52:14]} 21. d5
{[%clk 0:01:16]} Na6 {[%clk 0:40:24]} 22. gxh3 {[%clk 0:00:35]} Nxc7
{[%clk 0:40:48]} 23. Qf7+ {[%clk 0:00:37]} Kh7 {[%clk 0:39:39]} 24. Qxd7
{[%clk 0:00:33]} exd5 {[%clk 0:38:24]} 25. Qxc7 {[%clk 0:00:37]} dxc4
{[%clk 0:38:48]} 26. Qh2 Qg6+ {[%clk 0:38:56]} 27. Kf2 {[%clk 0:00:52]} Rf8+
{[%clk 0:39:20]} 28. Ke1 {[%clk 0:00:55]} Re8+ {[%clk 0:39:45]} 29. Kf2
{[%clk 0:00:59]} Qf6+ {[%clk 0:39:59]} 30. Kg1 {[%clk 0:01:19]} Qg5+
{[%clk 0:40:25]} 31. Kf2 {[%clk 0:01:35]} Qe3# {[%clk 0:40:51]} 0-1

[Event "MP do 18 lat - chlopcy"]
[Site "Sypniewo"]
[Date "2022.03.19"]
[Round "1.14"]
[White "Czernek, Tymon"]
[Black "Kietrys, Maciej"]
[Result "1-0"]
[BlackElo "1882"]
[WhiteElo "2229"]
[LiveChessVersion "1.4.8"]

1. e4 {[%clk 1:30:57]} e5 2. Nf3 Nc6 {[%clk 1:29:55]} 3. Bc4 {[%clk 1:31:19]} Bc5
{[%clk 1:30:11]} 4. O-O {[%clk 1:31:39]} d6 {[%clk 1:29:38]} 5. c3
{[%clk 1:30:26]} Bg4 {[%clk 1:27:37]} 6. d3 {[%clk 1:30:34]} Nf6 {[%clk 1:26:02]}
7. Re1 {[%clk 1:29:15]} O-O {[%clk 1:25:36]} 8. h3 {[%clk 1:29:12]} Bd7
{[%clk 1:21:18]} 9. Nbd2 {[%clk 1:26:59]} Bb6 {[%clk 1:18:30]} 10. Bb3
{[%clk 1:26:05]} Ne7 {[%clk 1:18:22]} 11. d4 {[%clk 1:15:55]} Ng6
{[%clk 1:16:27]} 12. Nc4 {[%clk 1:15:21]} Qe7 {[%clk 1:15:01]} 13. Bg5
{[%clk 1:12:11]} h6 {[%clk 1:03:17]} 14. Bxf6 {[%clk 1:06:55]} gxf6
{[%clk 1:03:37]} 15. Ne3 {[%clk 1:05:25]} Kh7 {[%clk 0:55:35]} 16. Kh2
{[%clk 1:01:46]} c6 {[%clk 0:45:47]} 17. Nf5 {[%clk 0:57:41]} Bxf5
{[%clk 0:46:02]} 18. exf5 {[%clk 0:58:10]} Nf4 19. g3 Nd5 {[%clk 0:44:20]} 20.
Re4 {[%clk 0:53:43]} Rh8 {[%clk 0:35:50]} 21. Qd2 {[%clk 0:51:50]} Rag8
{[%clk 0:28:31]} 22. c4 {[%clk 0:45:07]} Nc7 {[%clk 0:27:43]} 23. c5
{[%clk 0:45:29]} dxc5 {[%clk 0:27:06]} 24. dxe5 {[%clk 0:45:47]} Rd8
{[%clk 0:26:57]} 25. Qc2 {[%clk 0:45:38]} Nd5 {[%clk 0:25:53]} 26. Rae1
{[%clk 0:45:03]} Rd7 {[%clk 0:14:27]} 27. e6 {[%clk 0:44:58]} Rc7
{[%clk 0:14:38]} 28. Nh4 {[%clk 0:40:11]} Rg8 {[%clk 0:12:12]} 29. exf7
{[%clk 0:39:09]} Qxf7 {[%clk 0:12:38]} 30. Ng6 {[%clk 0:39:35]} Qd7
{[%clk 0:05:13]} 31. Bxd5 {[%clk 0:38:16]} Qxd5 {[%clk 0:05:32]} 32. Ne7
{[%clk 0:38:04]} Qf7 {[%clk 0:05:05]} 33. Nxg8 {[%clk 0:38:23]} Kxg8
{[%clk 0:05:15]} 34. Qd2 {[%clk 0:38:15]} Kh7 {[%clk 0:05:06]} 35. Rh4
{[%clk 0:38:09]} Qg7 {[%clk 0:05:08]} 36. Re8 {[%clk 0:37:57]} Qg5 37. Qd8 Qxf5
{[%clk 0:01:47]} 38. Rh8+ {[%clk 0:38:16]} Kg6 {[%clk 0:01:50]} 39. Qg8+
{[%clk 0:38:40]} Rg7 {[%clk 0:02:11]} 40. R8xh6+ {[%clk 0:39:04]} 1-0

[Event "MP do 18 lat - chlopcy"]
[Site "Sypniewo"]
[Date "2022.03.19"]
[Round "1.15"]
[White "Kitewski, Bartosz"]
[Black "Redzisz, Michal"]
[Result "1/2-1/2"]
[BlackElo "2223"]
[WhiteElo "1870"]
[LiveChessVersion "1.4.8"]

1. d4 {[%clk 1:30:58]} Nf6 {[%clk 1:30:53]} 2. c4 {[%clk 1:31:23]} e6
{[%clk 1:30:54]} 3. Nf3 {[%clk 1:31:49]} b6 {[%clk 1:30:48]} 4. a3
{[%clk 1:32:11]} Ba6 {[%clk 1:31:12]} 5. Qc2 {[%clk 1:32:27]} d5 {[%clk 1:26:53]}
6. b3 {[%clk 1:32:14]} Be7 {[%clk 1:26:39]} 7. e3 {[%clk 1:30:24]} O-O
{[%clk 1:26:42]} 8. Nbd2 {[%clk 1:29:46]} c5 {[%clk 1:16:57]} 9. Bb2
{[%clk 1:27:41]} Nbd7 {[%clk 1:13:10]} 10. Bd3 {[%clk 1:23:55]} Rc8
{[%clk 1:12:17]} 11. O-O {[%clk 1:23:06]} h6 {[%clk 1:01:01]} 12. Rac1
{[%clk 1:21:39]} cxd4 {[%clk 0:54:45]} 13. exd4 {[%clk 1:21:37]} Bb7
{[%clk 0:49:35]} 14. Qd1 {[%clk 1:15:18]} Bd6 {[%clk 0:43:56]} 15. Qe2
{[%clk 1:04:06]} Qe7 {[%clk 0:35:33]} 16. Rfe1 {[%clk 0:59:03]} a5
{[%clk 0:27:31]} 17. Nb1 {[%clk 0:51:28]} Ne4 {[%clk 0:21:51]} 18. cxd5
{[%clk 0:43:45]} exd5 {[%clk 0:22:18]} 19. a4 {[%clk 0:41:02]} Bb4
{[%clk 0:20:04]} 20. Rxc8 {[%clk 0:32:46]} Rxc8 {[%clk 0:20:20]} 21. Rc1
{[%clk 0:33:09]} Rxc1+ {[%clk 0:16:51]} 22. Bxc1 {[%clk 0:33:34]} Bd6
{[%clk 0:17:05]} 23. Nbd2 {[%clk 0:29:05]} Ndf6 {[%clk 0:15:18]} 24. h3
{[%clk 0:26:55]} Nh5 {[%clk 0:12:25]} 25. Nf1 {[%clk 0:26:13]} Nf4
{[%clk 0:08:39]} 26. Bxf4 {[%clk 0:25:55]} Bxf4 {[%clk 0:09:07]} 27. N3d2
{[%clk 0:25:16]} Qe6 {[%clk 0:07:28]} 28. Nxe4 {[%clk 0:21:54]} dxe4
{[%clk 0:07:55]} 29. Bc4 {[%clk 0:22:19]} Qg6 {[%clk 0:05:41]} 30. Qg4
{[%clk 0:17:13]} Qxg4 {[%clk 0:05:38]} 31. hxg4 {[%clk 0:17:38]} Kf8
{[%clk 0:04:58]} 32. Ne3 {[%clk 0:16:34]} Bxe3 {[%clk 0:04:39]} 33. fxe3
{[%clk 0:17:00]} Ke7 {[%clk 0:03:16]} 34. Kf2 {[%clk 0:14:54]} g5
{[%clk 0:03:06]} 35. Kg3 {[%clk 0:14:00]} 1/2-1/2

[Event "MP do 18 lat - chlopcy"]
[Site "Sypniewo"]
[Date "2022.03.19"]
[Round "1.16"]
[White "Turski, Bartlomiej"]
[Black "Ciborowski, Konrad Jr"]
[Result "1-0"]
[BlackElo "1869"]
[WhiteElo "2220"]
[LiveChessVersion "1.4.8"]

1. Nf3 {[%clk 1:30:57]} f5 {[%clk 1:30:55]} 2. d3 {[%clk 1:31:24]} Nc6
{[%clk 1:31:21]} 3. d4 {[%clk 1:31:42]} e6 {[%clk 1:31:27]} 4. g3
{[%clk 1:32:00]} Nf6 {[%clk 1:31:54]} 5. Bg2 {[%clk 1:32:18]} d6 {[%clk 1:32:17]}
6. O-O {[%clk 1:31:25]} g6 {[%clk 1:32:45]} 7. c4 {[%clk 1:30:55]} Bg7
{[%clk 1:33:10]} 8. Nc3 {[%clk 1:30:26]} Qe7 {[%clk 1:32:11]} 9. Re1
{[%clk 1:14:03]} Ne4 {[%clk 1:31:57]} 10. Qd3 {[%clk 1:07:10]} Nxc3
{[%clk 1:30:49]} 11. bxc3 {[%clk 1:06:29]} e5 {[%clk 1:29:34]} 12. e4
{[%clk 1:01:14]} O-O {[%clk 1:28:38]} 13. Ba3 {[%clk 0:48:25]} Qf7
{[%clk 1:24:56]} 14. dxe5 {[%clk 0:37:13]} Bxe5 {[%clk 1:06:18]} 15. exf5
{[%clk 0:29:12]} Bxf5 {[%clk 1:05:39]} 16. Qd2 {[%clk 0:29:16]} Rae8
{[%clk 0:59:42]} 17. Nxe5 {[%clk 0:20:01]} Rxe5 {[%clk 0:57:59]} 18. f4
{[%clk 0:16:20]} Ree8 {[%clk 0:46:24]} 19. c5 {[%clk 0:12:48]} dxc5
{[%clk 0:42:09]} 20. Bxc5 {[%clk 0:10:44]} Rxe1+ {[%clk 0:39:22]} 21. Rxe1
{[%clk 0:11:09]} Rd8 {[%clk 0:39:45]} 22. Qb2 {[%clk 0:08:14]} Na5
{[%clk 0:27:06]} 23. Qe2 {[%clk 0:05:30]} b6 {[%clk 0:24:32]} 24. Be7
{[%clk 0:04:35]} Rd7 {[%clk 0:21:50]} 25. Bg5 {[%clk 0:04:07]} Bd3
{[%clk 0:20:37]} 26. Qe3 {[%clk 0:01:32]} Nc4 {[%clk 0:21:00]} 27. Qf3
{[%clk 0:01:44]} Kg7 {[%clk 0:14:41]} 28. Bh3 {[%clk 0:00:55]} Bf5
{[%clk 0:14:59]} 29. g4 {[%clk 0:00:44]} Nd2 {[%clk 0:07:15]} 30. Qg2
{[%clk 0:00:34]} Bb1 {[%clk 0:00:39]} 31. f5 {[%clk 0:00:37]} Qxa2
{[%clk 0:01:06]} 32. f6+ {[%clk 0:00:34]} Kf7 {[%clk 0:01:31]} 33. Qe2
{[%clk 0:00:37]} Ne4 {[%clk 0:00:34]} 34. Qxa2+ {[%clk 0:00:57]} Bxa2
{[%clk 0:01:02]} 35. Rxe4 {[%clk 0:01:25]} 1-0

[Event "MP do 18 lat - chlopcy"]
[Site "Sypniewo"]
[Date "2022.03.19"]
[Round "1.17"]
[White "Stachecki, Mikolaj"]
[Black "Luberanski, Jakub"]
[Result "1/2-1/2"]
[BlackElo "2211"]
[WhiteElo "1837"]
[LiveChessVersion "1.4.8"]

1. e4 {[%clk 1:30:57]} c5 {[%clk 1:30:55]} 2. Nf3 {[%clk 1:31:10]} Nc6
{[%clk 1:31:17]} 3. d4 {[%clk 1:31:23]} cxd4 {[%clk 1:31:43]} 4. Nxd4
{[%clk 1:31:49]} Qb6 {[%clk 1:32:08]} 5. Nb3 {[%clk 1:31:23]} Nf6
{[%clk 1:32:32]} 6. Nc3 {[%clk 1:30:30]} e6 {[%clk 1:32:57]} 7. Be3
{[%clk 1:30:42]} Qc7 {[%clk 1:33:05]} 8. a3 {[%clk 1:21:55]} a6 {[%clk 1:32:59]}
9. Be2 {[%clk 1:21:43]} b5 {[%clk 1:29:58]} 10. O-O {[%clk 1:20:00]} Bb7
{[%clk 1:24:06]} 11. Nc5 {[%clk 0:53:58]} Bc8 {[%clk 1:20:18]} 12. f4
{[%clk 0:43:13]} d6 {[%clk 1:02:06]} 13. Nb3 {[%clk 0:41:13]} Bb7
{[%clk 0:59:05]} 14. Bf3 {[%clk 0:40:38]} Be7 {[%clk 0:54:41]} 15. g4
{[%clk 0:36:13]} h6 {[%clk 0:46:44]} 16. Bg2 {[%clk 0:33:54]} Nd7
{[%clk 0:34:33]} 17. Qe2 {[%clk 0:26:47]} O-O-O {[%clk 0:32:54]} 18. a4
{[%clk 0:21:51]} b4 {[%clk 0:31:44]} 19. Na2 {[%clk 0:21:30]} Nc5
{[%clk 0:25:47]} 20. Qf2 {[%clk 0:13:19]} g5 {[%clk 0:16:51]} 21. Nxc5
{[%clk 0:10:08]} dxc5 {[%clk 0:17:15]} 22. Bxc5 {[%clk 0:09:57]} Bxc5
{[%clk 0:14:32]} 23. Qxc5 {[%clk 0:10:23]} gxf4 {[%clk 0:14:56]} 24. Nxb4
{[%clk 0:10:07]} Nxb4 {[%clk 0:13:13]} 25. Qxb4 {[%clk 0:10:33]} Rhg8
{[%clk 0:09:25]} 26. Bf3 {[%clk 0:09:18]} a5 {[%clk 0:08:15]} 27. Qb5
{[%clk 0:06:11]} Rg5 {[%clk 0:06:35]} 28. e5 {[%clk 0:05:26]} Rdg8
{[%clk 0:00:58]} 29. h3 {[%clk 0:04:03]} Kb8 {[%clk 0:00:56]} 30. Bxb7
{[%clk 0:03:44]} Qxb7 {[%clk 0:01:22]} 31. Rxf4 {[%clk 0:03:39]} Qxb5
{[%clk 0:01:20]} 32. axb5 {[%clk 0:04:04]} Rxe5 {[%clk 0:01:47]} 33. Rxa5
{[%clk 0:04:04]} Rd8 {[%clk 0:01:23]} 34. Rf2 {[%clk 0:02:45]} Rd1+
{[%clk 0:01:23]} 35. Kg2 {[%clk 0:03:07]} f5 {[%clk 0:01:22]} 36. gxf5
{[%clk 0:02:18]} exf5 {[%clk 0:01:48]} 37. Ra6 {[%clk 0:01:15]} Rxb5
{[%clk 0:02:01]} 38. b3 {[%clk 0:01:18]} h5 {[%clk 0:01:12]} 39. Rh6
{[%clk 0:00:37]} f4 {[%clk 0:01:21]} 40. Rxf4 {[%clk 0:30:41]} Rg5+
{[%clk 0:31:44]} 41. Kf3 {[%clk 0:27:48]} Rf1+ {[%clk 0:24:00]} 42. Ke4
{[%clk 0:27:40]} Re1+ {[%clk 0:24:25]} 43. Kd4 {[%clk 0:27:39]} Re7
{[%clk 0:23:51]} 44. Rf8+ {[%clk 0:12:48]} Kb7 {[%clk 0:24:16]} 45. Rfh8
{[%clk 0:12:57]} Rd7+ {[%clk 0:24:41]} 46. Ke4 {[%clk 0:08:20]} Re7+
{[%clk 0:24:20]} 47. Kf4 {[%clk 0:05:53]} Rge5 {[%clk 0:24:37]} 48. Rf8
{[%clk 0:05:09]} Re2 {[%clk 0:24:32]} 49. Rf5 {[%clk 0:04:20]} Rxc2
{[%clk 0:22:44]} 50. Rhxh5 {[%clk 0:04:30]} Rc3 {[%clk 0:22:43]} 51. Rb5+
{[%clk 0:04:19]} Kc6 {[%clk 0:23:05]} 52. Rb4 {[%clk 0:01:32]} Rf7+
{[%clk 0:22:04]} 53. Kg4 {[%clk 0:01:51]} Rg7+ {[%clk 0:22:16]} 54. Kh4
{[%clk 0:01:29]} Kd6 {[%clk 0:20:49]} 55. Rg4 {[%clk 0:01:19]} Rxg4+
{[%clk 0:20:37]} 56. hxg4 {[%clk 0:01:45]} Rxb3 {[%clk 0:21:02]} 57. Rf5
{[%clk 0:02:09]} Ke6 {[%clk 0:21:20]} 58. Kg5 {[%clk 0:02:26]} Rb8
{[%clk 0:20:17]} 59. Rf6+ {[%clk 0:02:13]} Ke7 {[%clk 0:20:43]} 60. Rf4
{[%clk 0:02:16]} Ke6 {[%clk 0:17:26]} 61. Rf6+ {[%clk 0:01:13]} Ke5
{[%clk 0:16:45]} 62. Rf7 {[%clk 0:01:00]} Rg8+ {[%clk 0:16:40]} 63. Kh5
{[%clk 0:01:07]} Rh8+ {[%clk 0:16:57]} 64. Kg6 {[%clk 0:01:27]} Rg8+
{[%clk 0:17:24]} 65. Kh5 {[%clk 0:01:50]} Rh8+ {[%clk 0:17:49]} 66. Kg5
{[%clk 0:02:18]} Rg8+ {[%clk 0:17:56]} 67. Kh4 {[%clk 0:02:44]} Rh8+
{[%clk 0:17:53]} 68. Kg3 {[%clk 0:03:10]} Rg8 {[%clk 0:17:03]} 69. Rf5+
{[%clk 0:03:06]} Ke6 {[%clk 0:16:03]} 70. Kf4 {[%clk 0:03:27]} Rg7
{[%clk 0:15:37]} 71. Rf8 {[%clk 0:03:06]} Ke7 {[%clk 0:15:41]} 72. Rb8
{[%clk 0:02:34]} Rg6 {[%clk 0:13:18]} 73. Kf5 {[%clk 0:02:45]} Ra6
{[%clk 0:12:40]} 74. g5 {[%clk 0:02:54]} Kf7 {[%clk 0:12:28]} 75. g6+
{[%clk 0:03:06]} Kg7 {[%clk 0:12:49]} 76. Rb7+ {[%clk 0:03:31]} Kg8
{[%clk 0:13:05]} 77. Kg5 {[%clk 0:03:20]} Ra1 {[%clk 0:13:11]} 78. Rb5
{[%clk 0:02:08]} Rg1+ {[%clk 0:13:26]} 79. Kf6 {[%clk 0:02:25]} Rf1+
{[%clk 0:13:53]} 80. Rf5 {[%clk 0:02:45]} Rxf5+ {[%clk 0:13:55]} 81. Kxf5
{[%clk 0:03:11]} Kg7 {[%clk 0:14:15]} 82. Kg5 {[%clk 0:03:38]} Kg8
{[%clk 0:14:35]} 83. Kf6 {[%clk 0:04:05]} Kf8 {[%clk 0:15:02]} 84. g7+
{[%clk 0:04:33]} Kg8 {[%clk 0:15:28]} 85. Kg6 {[%clk 0:05:01]} 1/2-1/2

[Event "MP do 18 lat - chlopcy"]
[Site "Sypniewo"]
[Date "2022.03.19"]
[Round "1.18"]
[White "Grzesik, Gracjan"]
[Black "Lenart, Jakub"]
[Result "1/2-1/2"]
[BlackElo "1792"]
[WhiteElo "2208"]
[LiveChessVersion "1.4.8"]

1. c4 {[%clk 1:30:56]} Nf6 {[%clk 1:30:35]} 2. Nc3 {[%clk 1:31:13]} c5
{[%clk 1:30:32]} 3. Nf3 {[%clk 1:30:38]} d5 {[%clk 1:30:19]} 4. cxd5
{[%clk 1:29:08]} Nxd5 {[%clk 1:30:43]} 5. g3 {[%clk 1:28:09]} Nc6
{[%clk 1:29:20]} 6. Bg2 {[%clk 1:27:28]} Nc7 {[%clk 1:28:32]} 7. d3
{[%clk 1:26:53]} e5 {[%clk 1:25:18]} 8. O-O {[%clk 1:25:58]} Be7 {[%clk 1:25:27]}
9. Be3 {[%clk 1:21:55]} O-O {[%clk 1:25:12]} 10. Rc1 {[%clk 1:20:15]} Be6
{[%clk 1:23:58]} 11. a3 {[%clk 1:17:13]} Qd7 {[%clk 1:19:22]} 12. Qc2
{[%clk 1:07:20]} Rac8 {[%clk 1:00:38]} 13. Qb1 {[%clk 0:56:23]} b6
{[%clk 0:56:40]} 14. Nd2 {[%clk 0:35:40]} Nd4 {[%clk 0:48:10]} 15. Rfe1
{[%clk 0:33:24]} Nf5 {[%clk 0:44:59]} 16. Nf1 {[%clk 0:30:17]} Nxe3
{[%clk 0:43:15]} 17. Nxe3 {[%clk 0:30:39]} Bg5 {[%clk 0:43:16]} 18. Rcd1
{[%clk 0:24:55]} Bxe3 {[%clk 0:41:33]} 19. fxe3 {[%clk 0:25:19]} Nd5
{[%clk 0:41:41]} 20. Nxd5 {[%clk 0:17:20]} Bxd5 {[%clk 0:42:06]} 21. Qc2
{[%clk 0:16:49]} Rfd8 {[%clk 0:29:49]} 22. Qc3 {[%clk 0:11:08]} Qe6
{[%clk 0:21:36]} 23. Bxd5 {[%clk 0:09:38]} Qxd5 {[%clk 0:20:04]} 24. e4
{[%clk 0:07:24]} Qd4+ {[%clk 0:19:10]} 25. Qxd4 {[%clk 0:02:56]} Rxd4
{[%clk 0:19:33]} 26. e3 {[%clk 0:01:36]} Rd7 {[%clk 0:19:29]} 27. Kf2
{[%clk 0:01:40]} Rcd8 {[%clk 0:19:33]} 28. Ke2 {[%clk 0:02:02]} Kf8
{[%clk 0:20:00]} 29. a4 {[%clk 0:00:39]} f6 {[%clk 0:19:13]} 30. b3
{[%clk 0:00:47]} Ke7 {[%clk 0:19:28]} 31. Rd2 {[%clk 0:00:43]} Rd6
{[%clk 0:18:49]} 32. Rc1 {[%clk 0:00:36]} a5 {[%clk 0:18:23]} 33. Rcd1
{[%clk 0:00:33]} h5 {[%clk 0:18:01]} 34. h3 {[%clk 0:00:33]} g6 {[%clk 0:18:04]}
35. g4 {[%clk 0:00:31]} hxg4 {[%clk 0:18:11]} 36. hxg4 {[%clk 0:01:00]} Rh8
{[%clk 0:18:35]} 37. Kf2 {[%clk 0:00:42]} Rh3 {[%clk 0:18:03]} 38. Rg1
{[%clk 0:00:34]} Ke6 {[%clk 0:10:25]} 39. Rg3 {[%clk 0:00:32]} Rh1
{[%clk 0:09:45]} 40. Rg1 {[%clk 0:30:33]} Rh2+ {[%clk 0:37:26]} 41. Rg2
{[%clk 0:28:09]} Rh4 {[%clk 0:35:19]} 42. Rd1 {[%clk 0:26:02]} Rd8
{[%clk 0:34:52]} 43. Ke2 {[%clk 0:23:44]} 1/2-1/2